[Event "ASIAN JUNIORS & GIRLS UNDER-20 CHESS CHAMPIONSHIPS"]
[Site "Tagaytay City, Philippines"]
[Date "2014.12.03"]
[Round "7"]
[Board "1"]
[White "SUEDE, Mikee Charlene"]
[Black "IVANA MARIA, Furtado"]
[Result "1-0"]
[WhiteElo "1938"]
[BlackElo "2219"]
[PlyCount "123"]
[EventDate "2014.11.29"]
[EventRounds "9"]
[EventCountry "PHI"]

1. e4 d5 2. exd5 Qxd5 3. Nc3 Qd6 4. d4 Nf6 5. Nf3 g6 6. Bc4 Bg7 7. O-O O-O 8.
h3 a6 9. Bg5 b5 10. Bb3 Bb7 11. a3 Nc6 12. Re1 Rad8 13. Bxf6 exf6 14. Ne4 Qf4
15. Nc5 Ba8 16. c3 Ne5 17. Nxe5 fxe5 18. d5 Qf6 19. a4 Qb6 20. Ne4 Kh8 21. a5
Qa7 22. c4 bxc4 23. Bxc4 Bxd5 24. Qe2 h6 25. Rad1 c6 26. b4 Qb7 27. Rb1 Bxc4
28. Qxc4 Rd4 29. Qc3 Rb8 30. Nc5 Qa7 31. Qf3 Rd5 32. Qe2 Rb5 33. Red1 Kh7 34.
Qg4 Qc7 35. Qf3 Bf8 36. Rxd5 cxd5 37. Nxa6 Qb7 38. Rc1 Bd6 39. Nc7 f5 40. Nxb5
Qxb5 41. Rd1 d4 42. Qb3 Kg7 43. a6 Qxa6 44. b5 Qb7 45. Rc1 Qf7 46. Qxf7+ Kxf7
47. b6 d3 48. b7 Ke7 49. Kf1 Kd7 50. Rc8 e4 51. b8=Q Bxb8 52. Rxb8 Ke6 53. Rb6+
Ke5 54. Rxg6 h5 55. Rh6 Kd4 56. Ke1 f4 57. Rxh5 e3 58. fxe3+ fxe3 59. Rh8 Ke4
60. Re8+ Kf4 61. Rxe3 Kxe3 62. g4  1-0

[Event "ASIAN JUNIORS & GIRLS UNDER-20 CHESS CHAMPIONSHIPS"]
[Site "Tagaytay City, Philippines"]
[Date "2014.12.03"]
[Round "7"]
[Board "2"]
[White "SAN DIEGO, Marie Antoinette"]
[Black "NANDHIDHAA, Pv"]
[Result "1-0"]
[WhiteElo "2063"]
[BlackElo "2177"]
[PlyCount "77"]
[EventDate "2014.11.29"]
[EventRounds "9"]
[EventCountry "PHI"]

1. d4 Nf6 2. Nf3 e6 3. Bf4 d5 4. e3 c5 5. c3 Qb6 6. Qb3 c4 7. Qc2 Nc6 8. Nbd2
Be7 9. h3 Bd7 10. Be2 O-O 11. O-O Rac8 12. Bh2 Rfd8 13. e4 Nxe4 14. Nxe4 dxe4
15. Nd2 Na5 16. Nxe4 Bc6 17. Rab1 Bd5 18. f4 Qc6 19. Bf3 b5 20. a3 Nb3 21. Nd2
g6 22. Rbe1 Bf6 23. Bxd5 Qxd5 24. Nf3 a5 25. Ne5 b4 26. Qf2 bxa3 27. bxa3 a4
28. g4 Be7 29. f5 Rf8 30. f6 Bxa3 31. Qh4 Rfd8 32. Nxf7 Nxd4 33. Nxd8 Nf5 34.
gxf5 Bc5+ 35. Rf2 Rxd8 36. f7+ Kxf7 37. fxg6+ Ke8 38. gxh7 Kd7 39. Qxd8+  1-0

[Event "ASIAN JUNIORS & GIRLS UNDER-20 CHESS CHAMPIONSHIPS"]
[Site "Tagaytay City, Philippines"]
[Date "2014.12.03"]
[Round "7"]
[Board "3"]
[White "ZHYLKAIDAROVA,  Sholpan"]
[Black "SARANYA, J"]
[Result "0-1"]
[WhiteElo "2149"]
[BlackElo "2104"]
[PlyCount "98"]
[EventDate "2014.11.29"]
[EventRounds "9"]
[EventCountry "PHI"]

1. d4 Nf6 2. c4 g6 3. Nc3 Bg7 4. e4 d6 5. Nf3 O-O 6. Be2 e5 7. O-O Nc6 8. d5
Ne7 9. b4 Ne8 10. Nd2 f5 11. f3 f4 12. a4 g5 13. Ba3 Ng6 14. c5 Rf7 15. b5 Bf8
16. b6 axb6 17. cxb6 h5 18. bxc7 Rxc7 19. Nb5 Rg7 20. Nc4 g4 21. fxg4 hxg4 22.
Bxg4 Nh4 23. h3 Bxg4 24. hxg4 Nf6 25. Nbxd6 Nxg4 26. Ra2 Qg5 27. Bc1 b5 28.
Nxe5 Nxe5 29. Bxf4 Nhf3+ 30. Rxf3 Nxf3+ 31. Qxf3 Qg4 32. Kf2 Bxd6 33. Qxg4 Rxg4
34. Bxd6 Rxe4 35. a5 Ra4 36. Rd2 R4xa5 37. Ke3 Ra2 38. Rd3 Rxg2 39. Bc7 Kf7 40.
Kd4 b4 41. Re3 Ra3 42. Re1 b3 43. Rf1+ Ke8 44. Bd6 Ra6 45. Rf8+ Kd7 46. Rf1
Kxd6 47. Rf6+ Kc7 48. Rxa6 b2 49. Ra2 Rg4+  0-1

[Event "ASIAN JUNIORS & GIRLS UNDER-20 CHESS CHAMPIONSHIPS"]
[Site "Tagaytay City, Philippines"]
[Date "2014.12.03"]
[Round "7"]
[Board "4"]
[White "SUPRIYA, Joshi"]
[Black "PUJARI, Rucha"]
[Result "0-1"]
[WhiteElo "1895"]
[BlackElo "2109"]
[PlyCount "86"]
[EventDate "2014.11.29"]
[EventRounds "9"]
[EventCountry "PHI"]

1. e4 e5 2. Nf3 Nc6 3. Nc3 Nf6 4. d4 exd4 5. Nxd4 Bb4 6. Nxc6 bxc6 7. Bd3 d5 8.
exd5 cxd5 9. O-O O-O 10. h3 h6 11. Qf3 Rb8 12. Bf4 Bd6 13. b3 Rb4 14. Ne2 Bb7
15. Bxd6 Qxd6 16. Rad1 Qe5 17. Qg3 Qxg3 18. Nxg3 c5 19. c3 Rb6 20. Rfe1 g6 21.
Re7 Rc8 22. Rxb7 Rxb7 23. Ba6 Rbc7 24. Bxc8 Rxc8 25. f3 Kf8 26. Ne2 Ke7 27. Nf4
Rd8 28. Kf2 a5 29. Ke3 Kd6 30. g4 g5 31. Nd3 Nd7 32. f4 a4 33. b4 c4 34. Nb2
Nb6 35. a3 Re8+ 36. Kf3 gxf4 37. Kxf4 Re2 38. Rb1 d4 39. cxd4 c3 40. Nd3 Nd5+
41. Kf5 c2 42. Rc1 Nc3 43. Nc5 Rf2#  0-1

[Event "ASIAN JUNIORS & GIRLS UNDER-20 CHESS CHAMPIONSHIPS"]
[Site "Tagaytay City, Philippines"]
[Date "2014.12.03"]
[Round "7"]
[Board "5"]
[White "SAN DIEGO, Jerlyn Mae"]
[Black "SHAIKHA, Abdallah Aldhaheri"]
[Result "0-1"]
[WhiteElo "1411"]
[BlackElo "1555"]
[PlyCount "118"]
[EventDate "2014.11.29"]
[EventRounds "9"]
[EventCountry "PHI"]

1. e4 c5 2. Nf3 Nc6 3. d4 cxd4 4. Nxd4 g6 5. c4 Bg7 6. Be3 Nf6 7. Nc3 d6 8. Be2
O-O 9. O-O Be6 10. b3 a6 11. f3 Rc8 12. Rc1 Nd7 13. Qd2 Nxd4 14. Bxd4 Bxd4+ 15.
Qxd4 Qb6 16. Rfd1 f6 17. Qxb6 Nxb6 18. Nd5 Nxd5 19. exd5 Bd7 20. Bf1 b5 21. Re1
Kf7 22. Re3 bxc4 23. Bxc4 Bb5 24. Rec3 Rc5 25. b4 Rxc4 26. Rxc4 Bxc4 27. Rxc4
Rb8 28. a3 Rb5 29. Rd4 e5 30. dxe6+ Kxe6 31. Kf2 a5 32. Ke3 axb4 33. axb4 h5
34. g3 d5 35. h4 Ke5 36. g4 f5 37. f4+ Kd6 38. gxh5 gxh5 39. Kd3 Rb8 40. Kc3
Re8 41. Rd3 Re4 42. Rd4 Re3+ 43. Rd3 Re4 44. Rd4 Kc6 45. Kd3 Kd6 46. Kc3 Re1
47. b5 Kc5 48. Rd2 Rb1 49. Rg2 d4+ 50. Kc2 Rxb5 51. Rg5 Kc4 52. Rxh5 d3+ 53.
Kd2 Rb2+ 54. Kc1 d2+ 55. Kxb2 d1=Q 56. Rxf5 Qd2+ 57. Ka1 Qc1+ 58. Ka2 Qc2+ 59.
Ka3 Qb3#  0-1

[Event "ASIAN JUNIORS & GIRLS UNDER-20 CHESS CHAMPIONSHIPS"]
[Site "Tagaytay City, Philippines"]
[Date "2014.12.03"]
[Round "7"]
[Board "6"]
[White "ZISHA, Zahuratul Zannat"]
[Black "ROMERO, Gladys Hazelle"]
[Result "0-1"]
[WhiteElo "1736"]
[BlackElo "1838"]
[PlyCount "124"]
[EventDate "2014.11.29"]
[EventRounds "9"]
[EventCountry "PHI"]

1. e4 g6 2. d4 Bg7 3. Nf3 c5 4. c3 d5 5. dxc5 Nf6 6. exd5 Qxd5 7. Qxd5 Nxd5 8.
Bc4 Nc7 9. O-O Be6 10. Bxe6 Nxe6 11. Be3 Na6 12. Bd4 Naxc5 13. Bxg7 Nxg7 14.
Na3 O-O 15. Rad1 Rfd8 16. Rfe1 e6 17. Rd4 Nf5 18. Rdd1 Nd3 19. Re2 Nxb2 20.
Rxd8+ Rxd8 21. g4 Rd1+ 22. Kg2 Nd3 23. Re4 Ne7 24. Nc4 Nd5 25. Ne3 N3f4+ 26.
Kg3 Nxe3 27. Rxf4 Nd5 28. Ra4 a6 29. c4 Nc3 30. Rb4 Ne2+ 31. Kg2 Rd7 32. Rb2
Nf4+ 33. Kg3 Nd3 34. Rd2 Kf8 35. Ne1 Ne5 36. Rxd7 Nxd7 37. Kf4 Ke7 38. Nd3 Nb6
39. Nc5 Nxc4 40. Nxb7 e5+ 41. Ke4 Nd6+ 42. Nxd6 Kxd6 43. f4 exf4 44. Kxf4 f6
45. h3 Kd5 46. h4 Kd4 47. h5 Kd5 48. Kf3 Ke6 49. Ke3 g5 50. Kf3 f5 51. gxf5+
Kxf5 52. a3 g4+ 53. Kg3 h6 54. a4 Kg5 55. Kg2 Kxh5 56. Kh2 Kg5 57. Kg2 h5 58.
Kh2 Kf4 59. Kg1 Kg3 60. a5 h4 61. Kh1 Kf2 62. Kh2 g3+  0-1

[Event "ASIAN JUNIORS & GIRLS UNDER-20 CHESS CHAMPIONSHIPS"]
[Site "Tagaytay City, Philippines"]
[Date "2014.12.03"]
[Round "7"]
[Board "7"]
[White "JAISWAL, Bina"]
[Black "MENDOZA, Shania Mae"]
[Result "0-1"]
[WhiteElo "1557"]
[BlackElo "1907"]
[PlyCount "82"]
[EventDate "2014.11.29"]
[EventRounds "9"]
[EventCountry "PHI"]

1. e4 d5 2. exd5 Qxd5 3. Nc3 Qd6 4. d4 c6 5. g3 Nf6 6. Bf4 Qd8 7. Bc4 Bg4 8.
Be2 Bxe2 9. Qxe2 e6 10. a3 Be7 11. Nf3 Qb6 12. O-O-O Qa5 13. Nb1 Nbd7 14. Qd2
Qxd2+ 15. Nbxd2 Nd5 16. Be3 b5 17. c4 N5b6 18. c5 Nd5 19. Nb1 O-O 20. h4 Rab8
21. h5 b4 22. a4 b3 23. Bd2 e5 24. dxe5 Nxc5 25. Nc3 Nd3+ 26. Kb1 Nxf2 27. Rhf1
Nxd1 28. Nxd1 c5 29. Nc3 Nxc3+ 30. Bxc3 Rfd8 31. Kc1 Rd3 32. g4 Rbd8 33. Nd2
Bg5 34. Rf2 c4 35. Bb4 h6 36. Re2 Rg3 37. Kd1 Bxd2 38. Bxd2 c3 39. bxc3 Rg1+
40. Re1 Rxe1+ 41. Kxe1 b2  0-1

[Event "ASIAN JUNIORS & GIRLS UNDER-20 CHESS CHAMPIONSHIPS"]
[Site "Tagaytay City, Philippines"]
[Date "2014.12.03"]
[Round "8"]
[Board "1"]
[White "SAN DIEGO, Marie Antoinette"]
[Black "SUEDE, Mikee Charlene"]
[Result "0-1"]
[WhiteElo "2063"]
[BlackElo "1938"]
[PlyCount "116"]
[EventDate "2014.11.29"]
[EventRounds "9"]
[EventCountry "PHI"]

1. d4 d6 2. Nf3 g6 3. Bf4 Bg7 4. e3 Nd7 5. h3 e5 6. Bh2 Qe7 7. Be2 Nh6 8. c4
O-O 9. Nc3 c6 10. O-O f5 11. d5 c5 12. Nd2 Nf7 13. Kh1 Kh8 14. Rb1 Nf6 15. f4
h5 16. a3 e4 17. Qc2 b6 18. b4 Nd7 19. Nb3 h4 20. bxc5 dxc5 21. Nb5 Nf6 22. Qd2
Ne8 23. a4 Ned6 24. Rg1 Nxb5 25. axb5 Rd8 26. g4 hxg3 27. Rxg3 Rd6 28. Rbg1 Kh7
29. Bh5 Nh8 30. Qg2 Qf6 31. Bd1 Qh4 32. Rg5 Qh6 33. h4 Bd7 34. h5 Be8 35. hxg6+
Rxg6 36. Rxg6 Nxg6 37. Qg5 Qxg5 38. Rxg5 Bd7 39. Rg2 a5 40. Ra2 a4 41. Nd2 a3
42. Nb1 Bb2 43. Bg3 Ne7 44. Be1 Bxb5 45. cxb5 Nxd5 46. Bb3 Nxe3 47. Bc3 c4 48.
Bxb2 cxb3 49. Rxa3 Rd8 50. Nc3 Nd1 51. Rxb3 Rd3 52. Nxd1 Rxb3 53. Kg2 Rxb5 54.
Bd4 Rd5 55. Ne3 Rxd4 56. Nxf5 Rd3 57. Ng3 Rxg3+ 58. Kxg3 b5  0-1

[Event "ASIAN JUNIORS & GIRLS UNDER-20 CHESS CHAMPIONSHIPS"]
[Site "Tagaytay City, Philippines"]
[Date "2014.12.03"]
[Round "8"]
[Board "2"]
[White "IVANA MARIA, Furtado"]
[Black "SARANYA, J"]
[Result "0-1"]
[WhiteElo "2219"]
[BlackElo "2104"]
[PlyCount "50"]
[EventDate "2014.11.29"]
[EventRounds "9"]
[EventCountry "PHI"]

1. Nf3 Nf6 2. g3 g6 3. Bg2 Bg7 4. O-O O-O 5. d4 d6 6. c4 c6 7. Nc3 Qa5 8. e4
Qh5 9. Re1 e5 10. dxe5 dxe5 11. Qd6 Re8 12. Bg5 Be6 13. h3 Na6 14. g4 Nxg4 15.
Ne2 Bf8 16. Qd2 Bb4 17. Qc1 Nxf2 18. Ng3 Nxh3+ 19. Kh2 Qg4 20. Bf6 Qf4 21. Bxe5
Qxc1 22. Rexc1 Nf2 23. Bd4 Ng4+ 24. Kg1 Bc5 25. Bh3 Ne5  0-1

[Event "ASIAN JUNIORS & GIRLS UNDER-20 CHESS CHAMPIONSHIPS"]
[Site "Tagaytay City, Philippines"]
[Date "2014.12.03"]
[Round "8"]
[Board "3"]
[White "NANDHIDHAA, Pv"]
[Black "SUPRIYA, Joshi"]
[Result "1-0"]
[WhiteElo "2177"]
[BlackElo "1895"]
[PlyCount "65"]
[EventDate "2014.11.29"]
[EventRounds "9"]
[EventCountry "PHI"]

1. e4 c6 2. d4 d5 3. exd5 cxd5 4. Bd3 Nc6 5. c3 Qc7 6. Ne2 e5 7. dxe5 Nxe5 8.
Bb5+ Bd7 9. Bxd7+ Qxd7 10. O-O Nf6 11. Bf4 Bd6 12. Nd2 O-O 13. Nd4 Rfe8 14.
N2f3 Nxf3+ 15. Qxf3 Re4 16. Bxd6 Qxd6 17. Rad1 Rae8 18. Qg3 Qd7 19. f3 Re3 20.
Qf2 Qa4 21. a3 h6 22. Rd2 g6 23. Qh4 Qa6 24. Qxh6 Re1 25. Rdf2 Qd3 26. g3 R8e5
27. Kg2 Rxf1 28. Rxf1 Rh5 29. Qf4 Kg7 30. Re1 g5 31. Qf5 Qd2+ 32. Re2 Qd1 33.
g4  1-0

[Event "ASIAN JUNIORS & GIRLS UNDER-20 CHESS CHAMPIONSHIPS"]
[Site "Tagaytay City, Philippines"]
[Date "2014.12.03"]
[Round "8"]
[Board "4"]
[White "ROMERO, Gladys Hazelle"]
[Black "PUJARI, Rucha"]
[Result "0-1"]
[WhiteElo "1838"]
[BlackElo "2109"]
[PlyCount "78"]
[EventDate "2014.11.29"]
[EventRounds "9"]
[EventCountry "PHI"]

1. d4 d5 2. c4 e6 3. Nc3 Be7 4. Nf3 Nf6 5. cxd5 exd5 6. Bg5 c6 7. Qc2 Na6 8. a3
Nc7 9. e3 Ne6 10. Bh4 O-O 11. Bd3 g6 12. O-O Ng7 13. b4 a6 14. Rfb1 Bf5 15. Na4
Bxd3 16. Qxd3 Ne4 17. Bg3 Bd6 18. Nc5 Bxg3 19. hxg3 Qe7 20. Qc2 Nd6 21. Ne5 f6
22. Ned7 Rfe8 23. Nb6 Rad8 24. a4 Ngf5 25. Rd1 Nh6 26. Qe2 f5 27. Qf3 Ng4 28.
Rab1 Qg7 29. b5 axb5 30. axb5 Nxb5 31. Nxd5 Qh6 32. Nf4 Qh2+ 33. Kf1 Qh1+ 34.
Ke2 Nxd4+ 35. Rxd4 Qxb1 36. Nfe6 Rxd4 37. Nxd4 Qb2+ 38. Kd1 Nxf2+ 39. Ke1 Qxd4
 0-1

[Event "ASIAN JUNIORS & GIRLS UNDER-20 CHESS CHAMPIONSHIPS"]
[Site "Tagaytay City, Philippines"]
[Date "2014.12.03"]
[Round "8"]
[Board "5"]
[White "ZHYLKAIDAROVA,  Sholpan"]
[Black "JAISWAL, Bina"]
[Result "1-0"]
[WhiteElo "2149"]
[BlackElo "1557"]
[PlyCount "53"]
[EventDate "2014.11.29"]
[EventRounds "9"]
[EventCountry "PHI"]

1. d4 d5 2. c4 e6 3. Nc3 Nf6 4. Bg5 Be7 5. e3 O-O 6. Qc2 b6 7. cxd5 Nxd5 8.
Bxe7 Nxe7 9. Bd3 g6 10. Nge2 Bb7 11. O-O Nd7 12. Be4 c6 13. Rfd1 Nf6 14. Bf3
Qc7 15. Rac1 Rab8 16. b4 c5 17. Bxb7 Rxb7 18. bxc5 bxc5 19. Na4 Rfb8 20. Qxc5
Qd7 21. Qa3 Rb4 22. Nc5 Qb5 23. Nc3 Qb6 24. Na6 Qd6 25. Nxb4 Rxb4 26. Nb5 Ned5
27. Nxd6  1-0

[Event "ASIAN JUNIORS & GIRLS UNDER-20 CHESS CHAMPIONSHIPS"]
[Site "Tagaytay City, Philippines"]
[Date "2014.12.03"]
[Round "8"]
[Board "7"]
[White "SAN DIEGO, Jerlyn Mae"]
[Black "ZISHA, Zahuratul Zannat"]
[Result "1-0"]
[WhiteElo "1411"]
[BlackElo "1736"]
[PlyCount "84"]
[EventDate "2014.11.29"]
[EventRounds "9"]
[EventCountry "PHI"]

1. e4 c5 2. Nf3 Nc6 3. d4 cxd4 4. Nxd4 Nf6 5. f3 e5 6. Nb5 d6 7. c4 a6 8. N5a3
Be6 9. Nc3 Rc8 10. Be3 Be7 11. Be2 O-O 12. O-O Nh5 13. Qd2 f5 14. Nd5 f4 15.
Bb6 Qe8 16. Nxe7+ Qxe7 17. Rfd1 Ng3 18. Qe1 Qh4 19. Bf2 Nxe2+ 20. Qxe2 Qe7 21.
Bb6 Rf6 22. Qd2 Bf7 23. b3 Nb8 24. Bf2 g5 25. Nc2 h5 26. Rac1 g4 27. Bh4 g3 28.
hxg3 Kf8 29. gxf4 exf4 30. Bxf6 Qxf6 31. Qxd6+ Qxd6 32. Rxd6 Nc6 33. Rcd1 b5
34. cxb5 axb5 35. Nd4 Nb4 36. a3 Nc2 37. Nxb5 Bxb3 38. Rd8+ Rxd8 39. Rxd8+ Ke7
40. Rh8 Bf7 41. Rh6 Be8 42. Nc7 Ba4  1-0

[Event "ASIAN JUNIORS & GIRLS UNDER-20 CHESS CHAMPIONSHIPS"]
[Site "Tagaytay City, Philippines"]
[Date "2014.12.03"]
[Round "8"]
[Board "8"]
[White "AL-MOAAMARI, Mozah"]
[Black "MENDOZA, Shania Mae"]
[Result "0-1"]
[WhiteElo "1457"]
[BlackElo "1907"]
[PlyCount "76"]
[EventDate "2014.11.29"]
[EventRounds "9"]
[EventCountry "PHI"]

1. c4 e5 2. Nc3 c6 3. e4 Bc5 4. Nf3 d6 5. d4 exd4 6. Nxd4 Nf6 7. Nb3 Bb4 8. Bd3
O-O 9. O-O Qe7 10. Re1 Ng4 11. h3 Ne5 12. Bf1 Qf6 13. Nd4 Ng6 14. Qd3 Na6 15.
Nc2 Ne5 16. Qg3 Bc5 17. Na4 Nb4 18. Bg5 Qxf2+ 19. Qxf2 Bxf2+ 20. Kxf2 Nxc2 21.
Rad1 Nxe1 22. Kxe1 f6 23. Bf4 Re8 24. Rxd6 Nf7 25. Rd1 Rxe4+ 26. Be3 Rxe3+ 27.
Kf2 Re8 28. c5 Be6 29. Nc3 Rad8 30. Rb1 Bf5 31. Rc1 Rd2+ 32. Kg1 Rxb2 33. Rd1
Rc2 34. Na4 Rxa2 35. Nc3 Rc2 36. Ne2 Rxc5 37. Nd4 Rd8 38. Be2 Rcd5  0-1